Představenstvo akciové společnosti. Funkce a organizační uspořádání.

Vznikajúce účastinné spoločnosti musia povinne vytvárať základné orgány, ktoré sú predpísané obchodným zákonníkom. Z hľadiska riadenia je najdôležitejším orgánom predstavenstvo. Charakteristika hlavných funkcií predstavenstva a ich organizačného zabezpečenia. Schémy organizačného usporiadania predst...

Descrizione completa

Salvato in:
Dettagli Bibliografici
Natura: Capitolo di libro
Lingua:ceco
Soggetti:
Tags: Aggiungi Tag
Nessun Tag, puoi essere il primo ad aggiungerne!!

MARC

LEADER 00000naa a2200000 4500
001 r009540
005 20220831090452.0
041 0 |a cze 
044 |a [CS] 
245 1 0 |a Představenstvo akciové společnosti.  |b Funkce a organizační uspořádání. 
520 |a Vznikajúce účastinné spoločnosti musia povinne vytvárať základné orgány, ktoré sú predpísané obchodným zákonníkom. Z hľadiska riadenia je najdôležitejším orgánom predstavenstvo. Charakteristika hlavných funkcií predstavenstva a ich organizačného zabezpečenia. Schémy organizačného usporiadania predstavenstva veľkej a malej účastinnej spoločnosti. 
610 2 0 |a spoločnosti akciové 
610 2 0 |a riadenie podnikové 
610 2 0 |a zabezpečenie organizačné 
610 2 0 |a štruktúra organizačná